000 00870nam a22002897a 4500
003 CHAP
005 20220329140934.0
008 971013s1995 r 00010 d
010 _a60081
011 _a61053
035 _a65217
040 _cCHAP
082 _a027
_bB7
100 0 0 _aBrown, Carol R.
_915630
245 _aPlanning library interiors
_b: the selection of furnishings for the 21st century
260 _aPhoenix, Arizona :
_bOryx Press,
_c1995
300 _a162 p.
_b: ilus.
500 _aFotocopia
590 _aBATCH-UPD
_b10
_c20130110
_lUCH01
_h0308
590 _aCONVERSION
_b10
_c20130109
_lUCH01
_h1332
650 1 4 _aBibliotecas
_xArquitectura.
_912494
650 1 4 _aBibliotecas
_xE.U.A.
_912508
650 1 4 _aBibliotecas
_xMuebles, equipo, etc.
_912524
901 _aBK
942 _cLIBRO
949 _a027 B7
_bBC
_cB
_d-145147
_eB
_h90481
_i65217
_si
999 _c60081
_d60081